Catalog

Record Details

Catalog Search



Available copies

  • 1 of 1 copy available at LARL/NWRL Consortium.

Current holds

0 current holds with 1 total copy.

Show All Copies
Location Call Number / Copy Notes Barcode Shelving Location Status Due Date
Roseau Public Library pb CAS (Text) 35500005670003 Main Available -

Record details

  • ISBN: 9780515155747
  • ISBN: 0515155748
  • Physical Description: 323 pages ; 18 cm
  • Edition: Jove mass-market edition.
  • Publisher: New York : Jove Books, 2015.

Content descriptions

General Note:
"Jayne Ann Krentz writing as Jayne Castle"--Cover.
Summary, etc.:
"In the alien catacombs of Rainshadow, there are ... Read More
Subject: Hotelkeepers > Fiction.
Psychic ability > Fiction.
Interpersonal attraction > Fiction.
Genre: Paranormal romance stories.
Romantic suspense fiction.
LDR 02266cam a2200385Ii 4500
001182891
003LARL_NWRL_CONSORTIUM
00520160623215042.0
008141208s2015 nyu 000 f eng d
020 . ‡a9780515155747 ‡q(paperback)
020 . ‡a0515155748 ‡q(paperback)
035 . ‡a(OCoLC)897776086
08204. ‡a813/.54 ‡223
1001 . ‡aCastle, Jayne, ‡eauthor. ‡0(LARL_NWRL_CONSORTIUM)138019
24510. ‡aSiren's call ‡n#4 / ‡cJayne Castle.
250 . ‡aJove mass-market edition.
264 1. ‡aNew York : ‡bJove Books, ‡c2015.
300 . ‡a323 pages ; ‡c18 cm
336 . ‡atext ‡btxt ‡2rdacontent
337 . ‡aunmediated ‡bn ‡2rdamedia
338 . ‡avolume ‡bnc ‡2rdacarrier
4900 . ‡aRainshadow ; ‡v4
500 . ‡a"Jayne Ann Krentz writing as Jayne Castle"--Cover.
520 . ‡a"In the alien catacombs of Rainshadow, there are creatures whose compelling songs lure the unwary to their death. That's why Rafe Coppersmith, hired to clear out the catacombs for exploration, needs a music talent. He knows the perfect one, but she probably doesn't want anything do with him. Ella Morgan had once fallen hard and fast for Rafe, but then he disappeared for months and he's not about to tell her why. Ella, too, has secrets that only her dust bunny knows. She's not just a music talent, she's a Siren: a paranormal singer capable of singing men to sleep or to their deaths. But once on Rainshadow, Rafe and Ella will learn that surrendering to passion doesn't come without risks and fighting fire with fire only adds to the flame "--publisher.
650 0. ‡aHotelkeepers ‡vFiction. ‡0(LARL_NWRL_CONSORTIUM)165689
650 0. ‡aPsychic ability ‡vFiction. ‡0(LARL_NWRL_CONSORTIUM)166960
650 0. ‡aInterpersonal attraction ‡vFiction.
655 0. ‡aParanormal romance stories.
655 7. ‡aRomantic suspense fiction. ‡2gsafd
901 . ‡a182891 ‡bOCLC ‡c182891 ‡tbiblio

Additional Resources